| 000 | 00485nam a2200169 a 4500 | ||
|---|---|---|---|
| 001 | 1917 | ||
| 003 | CO-ViMGA | ||
| 008 | 141112s2004 ck r 000 u spa d | ||
| 040 |
_aCO-ViMGA _bspa _cCO-ViMGA |
||
| 082 | _a510 M173 6 - 7 | ||
| 245 | 1 | 0 | _aMatemática en construcción |
| 260 |
_aSantafé de Bogotá : _bOxford University Press, _c1996 |
||
| 300 | _a2 v : il | ||
| 505 | _aMatemática en construcción 6 y 7 | ||
| 650 | 1 | 4 |
_aMATEMATICA - LIBROS DE TEXTO _96187 |
| 942 |
_2ddc _cBK |
||
| 999 |
_c11317 _d11317 |
||